| 000 | 00996nam a2200313 a 4500 | ||
|---|---|---|---|
| 001 | 000108172 | ||
| 003 | CHAP | ||
| 005 | 20220329144001.0 | ||
| 008 | 131213s2013 flua |r |||1|||eng|d | ||
| 010 | _a104634 | ||
| 011 | _a105606 | ||
| 020 | _a9781466513211 | ||
| 040 | _cCHAP | ||
| 082 | 0 | 4 |
_a571.876374 _bJ97 |
| 245 | 0 | 0 |
_aJuvenile hormones and juvenoids : _bModeling biological effects and environmental fate / _cpor James Devillers. |
| 260 | 3 |
_aBoca Raton Fl. : _bCRC Press, _c2013. |
|
| 300 | _axiii, 387 p. | ||
| 490 | 0 | _aQSAR in Environmental and Health Sciences | |
| 590 |
_aE11695DGD _b10 _c20131214 _lUCH01 _h1343 |
||
| 590 |
_aE11695DGD _b10 _c20131214 _lUCH01 _h1404 |
||
| 590 |
_aE792CSJ _b05 _c20131213 _lUCH01 _h1156 |
||
| 650 | 1 | 4 |
_aControl biológico de plagas. _927587 |
| 650 | 1 | 4 |
_aMetamorfosis (Insectos) _9125043 |
| 700 | 1 |
_aDevillers, James _9125030 |
|
| 830 | 0 |
_aQSAR in Environmental and Health Sciences _9125032 |
|
| 901 | _aBK | ||
| 942 | _cLIBRO | ||
| 942 | _n0 | ||
| 999 |
_c104634 _d104634 |
||